[Event "HUN-chT2 Szechenyi 1314"]
[Site "Hungary"]
[Date "2014.03.23"]
[Round "9.5"]
[White "Geroly, Jozsef"]
[Black "Baglady, Hendry"]
[Result "1-0"]
[WhiteElo "1923"]
[BlackElo "1975"]
[PlyCount "115"]
[EventDate "2013.09.08"]
[EventType "team-tourn"]
[EventRounds "11"]
[EventCountry "HUN"]
[SourceTitle "EXT 2016"]
[Source "ChessBase"]
[SourceDate "2015.10.08"]
[SourceVersion "1"]
[SourceVersionDate "2015.10.08"]
[SourceQuality "1"]
[WhiteTeam "Veszprem"]
[BlackTeam "Zala Volan"]
[WhiteTeamCountry "HUN"]
[BlackTeamCountry "HUN"]

1. Nf3 Nf6 2. d4 b6 3. g3 Bb7 4. Bg2 e6 5. 0-0 Be7 6. c4 d5 7. Nbd2 0-0 8. a3 c5 9. dxc5 bxc5 10. Ne5 Qb6 11. cxd5 exd5 12. Qb3 Nbd7 13. Qxb6 axb6 14. Nxd7 Nxd7 15. e4 d4 16. f4 b5 17. e5 Bxg2 18. Kxg2 f5 19. b3 Nb6 20. Bb2 Nd5 21. Kf3 Ne3 22. Rfc1 Rfd8 23. h3 Rac8 24. a4 b4 25. g4 fxg4+ 26. hxg4 Nd5 27. Rh1 Nc3 28. Rag1 Nxa4 29. bxa4 c4 30. Ne4 c3 31. Bc1 d3 32. Rg2 b3 33. Rgh2 Kf7 34. f5 h6 35. e6+ Ke8 36. g5 Bf8 37. gxh6 gxh6 38. f6 d2 39. Bxd2 Rd3+ 40. Ke2 Rxd2+ 41. Nxd2 b2 42. Nc4 Rxc4 43. Kd3 Rc6 44. e7 Bxe7 45. fxe7 Kxe7 46. Rc2 Rb6 47. Rb1 Ra6 48. Kxc3 Rxa4 49. Rbxb2 Kf6 50. Rb5 Ra8 51. Kd3 Ra3+ 52. Ke2 Ra6 53. Kf2 Kg6 54. Rc3 Ra2+ 55. Kg3 Ra6 56. Rbc5 Kg7 57. R3c4 Ra1 58. Rb4 1-0

[Event "HUN-chT2 Szechenyi 1314"]
[Site "Hungary"]
[Date "2013.10.20"]
[Round "3.7"]
[White "Baglady, Hendry"]
[Black "Salavecz, Gergely"]
[Result "1/2-1/2"]
[WhiteElo "1975"]
[BlackElo "1964"]
[PlyCount "70"]
[EventDate "2013.09.08"]
[EventType "team-tourn"]
[EventRounds "11"]
[EventCountry "HUN"]
[SourceTitle "EXT 2016"]
[Source "ChessBase"]
[SourceDate "2015.10.08"]
[SourceVersion "1"]
[SourceVersionDate "2015.10.08"]
[SourceQuality "1"]
[WhiteTeam "Zala Volan"]
[BlackTeam "Balatonfuered"]
[WhiteTeamCountry "HUN"]
[BlackTeamCountry "HUN"]

1. e4 c5 2. Nf3 d6 3. d4 cxd4 4. Nxd4 Nf6 5. Nc3 a6 6. Be2 e5 7. Nb3 Be7 8. Bg5 Be6 9. Qd2 Nbd7 10. Rd1 h6 11. Be3 Qc7 12. f3 Nb6 13. Na5 Nc4 14. Nxc4 Bxc4 15. Bxc4 Qxc4 16. Qd3 Qc6 17. 0-0 0-0 18. Rf2 Rac8 19. Nd5 Nxd5 20. Qxd5 Rc7 21. Rd3 Qxd5 22. Rxd5 Rfc8 23. c3 b5 24. Bb6 Rc6 25. Ba5 Ra8 26. Rfd2 f6 27. Kf2 Kf7 28. g3 Ke6 29. f4 g6 30. Kf3 h5 31. h3 f5 32. Bb4 exf4 33. gxf4 fxe4+ 34. Kxe4 Rf8 35. b3 Rf5 1/2-1/2

[Event "HUN-chT2 Szechenyi 0910"]
[Site "Hungary"]
[Date "2010.01.31"]
[Round "5.7"]
[White "Baglady, Hendry"]
[Black "Kovacs, Dezso"]
[Result "0-1"]
[WhiteElo "1977"]
[BlackElo "2024"]
[PlyCount "80"]
[EventDate "2009.11.08"]
[EventType "team-tourn"]
[EventRounds "11"]
[EventCountry "HUN"]
[SourceTitle "EXT 2011"]
[Source "ChessBase"]
[SourceDate "2010.11.26"]
[SourceVersion "1"]
[SourceVersionDate "2010.11.26"]
[SourceQuality "1"]
[WhiteTeam "Kertvaros"]
[BlackTeam "Lovo"]
[WhiteTeamCountry "HUN"]
[BlackTeamCountry "HUN"]

1. e4 d5 2. exd5 Qxd5 3. Nc3 Qa5 4. d4 Nf6 5. Nf3 Bg4 6. h3 Bh5 7. g4 Bg6 8. Ne5 Nbd7 9. Nxg6 hxg6 10. Bg2 c6 11. 0-0 e6 12. a3 Bd6 13. Re1 0-0 14. Be3 Rac8 15. b4 Qc7 16. Ne2 Nd5 17. c4 Nxe3 18. fxe3 b6 19. c5 Be7 20. cxb6 axb6 21. Rc1 c5 22. b5 Bg5 23. Qd3 Qa7 24. Rc3 Rfd8 25. Qc2 Nf6 26. dxc5 Rxc5 27. Nd4 Bxe3+ 28. Rexe3 Rxd4 29. Kh1 Nd5 30. Bxd5 Rdxd5 31. Rxc5 bxc5 32. Qb3 c4 33. Qc3 Rd1+ 34. Kg2 Qb7+ 35. Kf2 Qxb5 36. Ke2 Rh1 37. Qb4 Qd5 38. Rf3 Qd1+ 39. Ke3 Re1+ 40. Kf2 Rf1+ 0-1

[Event "HUN-chT2 Szechenyi 0809"]
[Site "Hungary"]
[Date "2008.11.30"]
[Round "3.8"]
[White "Baglady, Hendry"]
[Black "Gabor, Attila"]
[Result "1-0"]
[WhiteElo "1941"]
[BlackElo "1918"]
[PlyCount "83"]
[EventDate "2008.10.26"]
[EventType "team-tourn"]
[EventRounds "11"]
[EventCountry "HUN"]
[SourceTitle "EXT 2010"]
[Source "ChessBase"]
[SourceDate "2010.11.25"]
[SourceVersion "1"]
[SourceVersionDate "2010.11.25"]
[SourceQuality "1"]
[WhiteTeam "Kervaros"]
[BlackTeam "Arboretum"]
[WhiteTeamCountry "HUN"]
[BlackTeamCountry "HUN"]

1. e4 e5 2. Nf3 Nc6 3. d4 exd4 4. Nxd4 d6 5. Nxc6 bxc6 6. Bc4 Nf6 7. Bg5 Be7 8. 0-0 0-0 9. Re1 Be6 10. Bxe6 fxe6 11. c3 Nd7 12. Be3 Qe8 13. Nd2 Nb6 14. a4 Qf7 15. a5 Nd7 16. Qa4 Ne5 17. f3 c5 18. c4 Rab8 19. Qc2 g5 20. Rf1 Qh5 21. h3 Ng6 22. Rfe1 Bf6 23. Rab1 Be5 24. Nf1 Rf7 25. Qd2 Nf4 26. Nh2 Rb3 27. Ng4 Rd3 28. Qc2 Bd4 29. Bxd4 Rxd4 30. Nf2 Qg6 31. b4 h5 32. bxc5 d5 33. cxd5 exd5 34. Qb2 Rc4 35. g3 Nxh3+ 36. Nxh3 g4 37. Nf4 Rxf4 38. gxf4 gxf3+ 39. Kh1 Kf7 40. Rg1 Qxe4 41. Qg7+ Ke8 42. Rb8# 1-0

[Event "HUN-chT2 Szechenyi 0708"]
[Site "Hungary"]
[Date "2008.03.02"]
[Round "7"]
[White "Baglady, Hendry"]
[Black "Hagymasi, Janos"]
[Result "1/2-1/2"]
[WhiteElo "1927"]
[BlackElo "2000"]
[PlyCount "119"]
[EventDate "2007.10.14"]
[EventType "team"]
[EventRounds "11"]
[EventCountry "HUN"]
[SourceTitle "EXT 2009"]
[Source "ChessBase"]
[SourceDate "2008.11.26"]
[SourceVersion "1"]
[SourceVersionDate "2008.11.26"]
[SourceQuality "1"]
[WhiteTeam "Kertvaros"]
[BlackTeam "Veszprem"]
[WhiteTeamCountry "HUN"]
[BlackTeamCountry "HUN"]

1. d4 Nf6 2. c4 e6 3. Nc3 Bb4 4. Qc2 0-0 5. a3 Bxc3+ 6. Qxc3 Ne4 7. Qc2 f5 8. Nf3 b6 9. g3 Bb7 10. Bg2 Qf6 11. 0-0 d6 12. Bd2 Nd7 13. b4 c5 14. e3 Rac8 15. Qd3 Rc7 16. Rfc1 Qh6 17. Rc2 Ndf6 18. Be1 Ng4 19. h3 Ngf6 20. bxc5 dxc5 21. Ne5 Ng5 22. h4 Nf7 23. Nxf7 Rcxf7 24. Bxb7 Rxb7 25. Rb1 Rd7 26. Qe2 Ne4 27. f3 Nf6 28. dxc5 bxc5 29. Rb5 Rc8 30. Rcb2 Qg6 31. Kh2 Qe8 32. Ba5 Qe7 33. Rd2 e5 34. Rxd7 Qxd7 35. Qd2 Qxd2+ 36. Bxd2 e4 37. Bc3 exf3 38. Bxf6 gxf6 39. Kg1 a6 40. Rb6 Re8 41. Kf2 Re4 42. Rxf6 Rxc4 43. Rxa6 Rc1 44. Kxf3 Kf7 45. Ra7+ Kg6 46. Rc7 Rf1+ 47. Ke2 Ra1 48. Rxc5 Rxa3 49. Kf3 Ra4 50. Rd5 Ra1 51. Rd2 Ra4 52. Rd4 Ra1 53. Rf4 Rf1+ 54. Kg2 Ra1 55. g4 fxg4 56. Rxg4+ Kf6 57. Kf3 Ra5 58. Rf4+ Ke5 59. e4 Ra3+ 60. Kg4 1/2-1/2

[Event "HUN-chT2 Szechenyi 0708"]
[Site "Hungary"]
[Date "2007.12.09"]
[Round "4"]
[White "Hajdu, Istvan"]
[Black "Baglady, Hendry"]
[Result "0-1"]
[WhiteElo "1946"]
[BlackElo "1927"]
[PlyCount "126"]
[EventDate "2007.10.14"]
[EventType "team"]
[EventRounds "11"]
[EventCountry "HUN"]
[SourceTitle "EXT 2009"]
[Source "ChessBase"]
[SourceDate "2008.11.26"]
[SourceVersion "1"]
[SourceVersionDate "2008.11.26"]
[SourceQuality "1"]
[WhiteTeam "Haladas III"]
[BlackTeam "Kertvaros"]
[WhiteTeamCountry "HUN"]
[BlackTeamCountry "HUN"]

1. e4 c5 2. Nf3 d6 3. c3 Nf6 4. Be2 Bd7 5. d3 g6 6. 0-0 Nc6 7. Bg5 Bg7 8. Nbd2 0-0 9. Ne1 Qb6 10. Nc4 Qc7 11. Ne3 e6 12. f4 Ne8 13. f5 exf5 14. Nd5 Qb8 15. Ne7+ Kh8 16. exf5 f6 17. Nxc6 bxc6 18. Bd2 Bxf5 19. b4 cxb4 20. cxb4 Qb6+ 21. Kh1 Nc7 22. Rc1 Nd5 23. Bg4 Bxg4 24. Qxg4 Qb5 25. Qd7 Rfd8 26. Qxc6 Qxc6 27. Rxc6 Rab8 28. a3 f5 29. Nf3 Bb2 30. Bc1 Bf6 31. Re1 Kg7 32. Bg5 Rb6 33. Bxf6+ Kxf6 34. Rxb6 axb6 35. Rc1 Ra8 36. Ra1 Nxb4 37. h4 Nxd3 38. Rb1 Rxa3 39. Rxb6 Nf2+ 40. Kg1 Ne4 41. Kf1 Ra1+ 42. Ke2 Ra2+ 43. Kf1 Nd2+ 44. Nxd2 Rxd2 45. Rb7 h6 46. Rh7 h5 47. Rh8 Rd3 48. Kf2 f4 49. Rf8+ Ke5 50. Rg8 Kf5 51. Rg7 d5 52. Rg8 Rg3 53. Rd8 Ke4 54. Re8+ Kd3 55. Rf8 Rg4 56. Rf6 d4 57. Rd6 Kc3 58. Rc6+ Kd2 59. Rd6 d3 60. Kf3 Kc2 61. Rc6+ Kd1 62. Rd6 d2 63. Kf2 Kc1 0-1

[Event "HUN-chT2 Szechenyi 0708"]
[Site "Hungary"]
[Date "2007.10.14"]
[Round "1"]
[White "Baglady, Hendry"]
[Black "Veber, Richard"]
[Result "1-0"]
[WhiteElo "1927"]
[BlackElo "1992"]
[PlyCount "59"]
[EventDate "2007.10.14"]
[EventType "team"]
[EventRounds "11"]
[EventCountry "HUN"]
[SourceTitle "EXT 2009"]
[Source "ChessBase"]
[SourceDate "2008.11.26"]
[SourceVersion "1"]
[SourceVersionDate "2008.11.26"]
[SourceQuality "1"]
[WhiteTeam "Kertvaros"]
[BlackTeam "Ajka Banyasz"]
[WhiteTeamCountry "HUN"]
[BlackTeamCountry "HUN"]

1. e4 g6 2. d4 Bg7 3. Nc3 d6 4. f4 Nd7 5. Be3 b6 6. Qd2 c5 7. d5 Ngf6 8. Nf3 0-0 9. 0-0-0 Ng4 10. Bg1 a6 11. h3 Ngf6 12. g4 b5 13. Re1 b4 14. Nd1 a5 15. e5 Ne8 16. h4 Ba6 17. Bxa6 Rxa6 18. h5 dxe5 19. fxe5 Qc7 20. Qe2 Rb6 21. hxg6 Rxg6 22. g5 e6 23. d6 Qc6 24. Bh2 a4 25. Qe4 Qb5 26. Kb1 c4 27. Bg1 c3 28. Rh4 cxb2 29. Qxb4 Qd5 30. Qe4 1-0

[Event "HUN-chT2 Szechenyi 0607"]
[Site "Hungary"]
[Date "2007.04.29"]
[Round "9"]
[White "Soponyai, Andras"]
[Black "Baglady, Hendry"]
[Result "1-0"]
[WhiteElo "2108"]
[BlackElo "1925"]
[PlyCount "77"]
[EventDate "2006.11.12"]
[EventType "team"]
[EventRounds "11"]
[EventCountry "HUN"]
[SourceTitle "EXT 2008"]
[Source "ChessBase"]
[SourceDate "2007.11.25"]
[SourceVersion "1"]
[SourceVersionDate "2007.11.25"]
[SourceQuality "1"]
[WhiteTeam "Haladas II"]
[BlackTeam "Kertvaros"]
[WhiteTeamCountry "HUN"]
[BlackTeamCountry "HUN"]

1. e4 c5 2. Nf3 b6 3. d4 cxd4 4. Nxd4 Bb7 5. Nc3 a6 6. Be3 g6 7. Qd2 Bg7 8. 0-0-0 d6 9. f3 Nf6 10. Be2 Nbd7 11. g4 h5 12. h3 b5 13. g5 Nh7 14. h4 Rc8 15. Rhf1 0-0 16. Bd3 e5 17. Nb3 Nc5 18. Be2 Nxb3+ 19. axb3 Rc6 20. Nd5 Re8 21. Nb4 Qa5 22. Kb1 Rcc8 23. Qxd6 Bf8 24. Qd7 Qxb4 25. Qxb7 Ra8 26. Rd7 Rab8 27. Qd5 Re7 28. Rd6 Qa5 29. Rxg6+ Kh8 30. Rd6 Ree8 31. Rd7 Rbd8 32. Qxf7 Rxd7 33. Qxd7 Rd8 34. Qf7 Bg7 35. Qxh5 Kg8 36. Qg6 Qb4 37. h5 Nf8 38. Qxa6 Rd6 39. Qxb5 1-0

[Event "HUN-chT2 Szechenyi 0607"]
[Site "Hungary"]
[Date "2007.04.15"]
[Round "8"]
[White "Szabo, Zoltan"]
[Black "Baglady, Hendry"]
[Result "0-1"]
[WhiteElo "2320"]
[BlackElo "1925"]
[PlyCount "84"]
[EventDate "2006.11.12"]
[EventType "team"]
[EventRounds "11"]
[EventCountry "HUN"]
[SourceTitle "EXT 2008"]
[Source "ChessBase"]
[SourceDate "2007.11.25"]
[SourceVersion "1"]
[SourceVersionDate "2007.11.25"]
[SourceQuality "1"]
[WhiteTeam "Peti MTE"]
[BlackTeam "Kertvaros"]
[WhiteTeamCountry "HUN"]
[BlackTeamCountry "HUN"]

1. d4 Nf6 2. c4 g6 3. Nc3 d5 4. cxd5 Nxd5 5. e4 Nxc3 6. bxc3 Bg7 7. Bc4 0-0 8. Ne2 c5 9. 0-0 Nc6 10. Be3 Bg4 11. f3 Na5 12. Bd3 cxd4 13. cxd4 Bd7 14. Rc1 Rc8 15. Rxc8 Qxc8 16. Qd2 Nc4 17. Bxc4 Qxc4 18. Rc1 Qa6 19. Rc7 Rd8 20. Qb2 Bc6 21. Rxc6 Qxc6 22. Qd2 a6 23. Kf1 e6 24. h4 h5 25. Bh6 Bxd4 26. Nxd4 Qc4+ 27. Ke1 Qxd4 28. Qxd4 Rxd4 29. Bc1 b5 30. a3 a5 31. Bb2 Rd3 32. Ke2 Rb3 33. Bc1 a4 34. Kd2 Kf8 35. Kc2 Ke8 36. Kd2 Kd7 37. Kc2 Kc6 38. Kd2 b4 39. axb4 Rxb4 40. Kd3 Kb5 41. f4 Rb3+ 42. Kc2 Rg3 0-1

[Event "HUN-chT2 Szechenyi 0607"]
[Site "Hungary"]
[Date "2007.02.18"]
[Round "5"]
[White "Pfeifer, David"]
[Black "Baglady, Hendry"]
[Result "1/2-1/2"]
[WhiteElo "1958"]
[BlackElo "1925"]
[PlyCount "90"]
[EventDate "2006.11.12"]
[EventType "team"]
[EventRounds "11"]
[EventCountry "HUN"]
[SourceTitle "EXT 2008"]
[Source "ChessBase"]
[SourceDate "2007.11.25"]
[SourceVersion "1"]
[SourceVersionDate "2007.11.25"]
[SourceQuality "1"]
[WhiteTeam "Ajka Banyasz"]
[BlackTeam "Kertvaros"]
[WhiteTeamCountry "HUN"]
[BlackTeamCountry "HUN"]

1. e4 c5 2. Nc3 e6 3. g3 d5 4. exd5 exd5 5. Bg2 Nf6 6. h3 d4 7. Ne4 Nxe4 8. Bxe4 Nd7 9. d3 Nf6 10. Bg2 Bd6 11. Qe2+ Qe7 12. Qxe7+ Bxe7 13. Bf4 0-0 14. 0-0-0 Re8 15. Re1 a5 16. Nf3 Ra6 17. Re2 Bf8 18. Rxe8 Nxe8 19. Re1 Re6 20. Rxe6 Bxe6 21. Nd2 Nd6 22. h4 b5 23. Ne4 Nxe4 24. Bxe4 Bd7 25. Kd2 g6 26. Ke2 b4 27. b3 a4 28. Kf3 Be7 29. Bc7 h5 30. Kf4 Kg7 31. Bf3 Kf6 32. Bg2 Bb5 33. Bd5 Bf8 34. Bd8+ Be7 35. Bxe7+ Kxe7 36. f3 Bd7 37. g4 axb3 38. axb3 hxg4 39. fxg4 Kf6 40. Bf3 Bb5 41. Bg2 Ba6 42. Bd5 Bc8 43. g5+ Ke7 44. Ke5 Bg4 45. Bc4 Bf3 1/2-1/2

[Event "HUN-chT2 Szechenyi 0304"]
[Site "Hungary"]
[Date "2004.04.04"]
[Round "10"]
[White "Baglady, Hendry"]
[Black "Solyomvari, Roxanne"]
[Result "1-0"]
[WhiteElo "2085"]
[BlackElo "2030"]
[PlyCount "71"]
[EventDate "2003.09.28"]
[EventType "team"]
[EventRounds "11"]
[EventCountry "HUN"]
[SourceTitle "EXT 2009"]
[Source "ChessBase"]
[SourceDate "2008.11.26"]
[SourceVersion "1"]
[SourceVersionDate "2008.11.26"]
[SourceQuality "1"]
[WhiteTeam "Zala Volan"]
[BlackTeam "Haladas II"]
[WhiteTeamCountry "HUN"]
[BlackTeamCountry "HUN"]

1. e4 c5 2. Nf3 d6 3. d4 cxd4 4. Nxd4 Nf6 5. Nc3 a6 6. Bc4 e6 7. Bb3 b5 8. f4 Nbd7 9. f5 Nc5 10. fxe6 fxe6 11. 0-0 Qb6 12. Be3 Qb7 13. Bg5 Nfxe4 14. Nxe4 Qxe4 15. Re1 Qg6 16. Bxe6 Bxe6 17. Nxe6 Nxe6 18. Qd5 Kd7 19. Qxa8 Qxg5 20. Rxe6 Qc5+ 21. Kh1 Kxe6 22. Re1+ Kd7 23. Re8 Qc7 24. Qe4 Qc4 25. Qe1 Qf7 26. Ra8 Kc6 27. h3 Kb7 28. Rd8 Qf5 29. Qe2 h5 30. Qe8 Qf1+ 31. Kh2 Qf4+ 32. Kh1 Kb6 33. Rb8+ Kc5 34. Rc8+ Kd4 35. Qe2 d5 36. c3# 1-0

[Event "HUN-chT2 Szechenyi 0304"]
[Site "Hungary"]
[Date "2003.10.05"]
[Round "2"]
[White "Vamosi, Jozsef"]
[Black "Baglady, Hendry"]
[Result "0-1"]
[WhiteElo "1854"]
[BlackElo "2085"]
[PlyCount "60"]
[EventDate "2003.09.28"]
[EventType "team"]
[EventRounds "11"]
[EventCountry "HUN"]
[SourceTitle "EXT 2009"]
[Source "ChessBase"]
[SourceDate "2008.11.26"]
[SourceVersion "1"]
[SourceVersionDate "2008.11.26"]
[SourceQuality "1"]
[WhiteTeam "Flesch"]
[BlackTeam "Zala Volan"]
[WhiteTeamCountry "HUN"]
[BlackTeamCountry "HUN"]

1. e4 c5 2. Nf3 d6 3. Nc3 Nf6 4. Bc4 e6 5. 0-0 a6 6. a3 Be7 7. d3 Nc6 8. Be3 b5 9. Ba2 Bb7 10. Ng5 d5 11. exd5 exd5 12. d4 c4 13. Re1 0-0 14. Qf3 Bc8 15. Nh3 Bg4 16. Qg3 Qd7 17. Nf4 g5 18. Nfxd5 Nxd5 19. Nxd5 Qxd5 20. Qxg4 f5 21. Qd1 f4 22. Bc1 f3 23. c3 Bd6 24. Qc2 Rae8 25. Bd2 g4 26. g3 Rxe1+ 27. Rxe1 Qh5 28. Kh1 Bxg3 29. fxg3 f2 30. Qe4 f1Q+ 0-1

[Event "HUN-chT2 Szechenyi 0203"]
[Site "Hungary"]
[Date "2002.12.08"]
[Round "4"]
[White "Baglady, Hendry"]
[Black "Vamosi, Jozsef"]
[Result "1-0"]
[WhiteElo "2008"]
[BlackElo "1868"]
[PlyCount "87"]
[EventDate "2002.09.22"]
[EventType "team"]
[EventRounds "11"]
[EventCountry "HUN"]
[SourceTitle "EXT 2009"]
[Source "ChessBase"]
[SourceDate "2008.11.26"]
[SourceVersion "1"]
[SourceVersionDate "2008.11.26"]
[SourceQuality "1"]

1. e4 d6 2. d4 Nf6 3. Nc3 g6 4. f4 Bg7 5. Nf3 0-0 6. Bd3 Nbd7 7. e5 Ne8 8. 0-0 Nb6 9. a4 a5 10. Be3 c6 11. h3 Nc7 12. Qd2 Ncd5 13. Nxd5 Nxd5 14. c4 Nxe3 15. Qxe3 Qb6 16. Rfb1 Rd8 17. Ra3 dxe5 18. fxe5 Be6 19. Kh1 Rd7 20. Qe1 Rad8 21. Qc3 f6 22. c5 Qb4 23. Be2 fxe5 24. dxe5 Rd5 25. Rb3 Qe4 26. Re1 Bxe5 27. Nxe5 Rxe5 28. Rxb7 Bd5 29. Qg3 Rf8 30. b4 h6 31. Rg1 Rg5 32. Bg4 axb4 33. Re1 Qc4 34. Rexe7 Rf1+ 35. Kh2 Rf7 36. Rxf7 Bxf7 37. Qb8+ Kg7 38. Rxb4 Qxc5 39. Qf4 h5 40. Rb7 Qf8 41. Be6 Rf5 42. Bxf5 gxf5 43. Qc7 Qe8 44. Qxf7+ 1-0